=LDR 00000nam 2200000 4500 =001 INLIS000000000043308 =005 20131008103046 =008 ***********************************ind** =035 ##$$0010-101300000001230 =041 ##$$a ind =082 ##$$a 571.8 =090 ##$$a 612.112 1, Sad b =100 ##$$a Yulikuspartono =245 ##$$a Pengantar logika dan algoritma, Yulikuspartono =260 ##$$a 2004 $b Yogyakarta =300 ##$$a x, 104 hlm, ilus, 21 cm =650 ##$$a ALGORITMA =850 ##$$a NBPNMAT